| 000 | 01111nam a22002777a 4500 | ||
|---|---|---|---|
| 005 | 20240530110411.0 | ||
| 008 | 150215s2011 ua cod a 001 0 ara d | ||
| 017 |
_a10793/2010 _bمصر . دار الكتب المصرية |
||
| 020 | _a9771420097 | ||
| 040 | _aEG-CaGPL | ||
| 041 | 0 | _aara | |
| 082 | 0 | 4 |
_221 _a613.04 _bط/ن ط |
| 100 |
_aلو ، فيليشيا _qفيليشيا لو |
||
| 245 | 1 |
_aانت = غذاءك / _cتاليف فيليشيا لو ؛ اشراف داليا محمد ابراهيم ؛ ترجمة دار نهضة مصر للنشر |
|
| 250 | _aط1 | ||
| 260 |
_aالقاهرة : _bنهضة مصر للطباعة والنشر والتوزيع ، _c2011 |
||
| 300 |
_a44 ص : _bايض ؛ _c30 سم |
||
| 490 | 0 | _aطريقك الى النمو | |
| 650 | 0 | 4 |
_aالاغذية _xالجوانب الصحية |
| 650 | 0 | 4 | _aالوجبات السريعة |
| 650 | 0 | 4 | _aالوجبات الغذائية |
| 700 | 1 |
_aداليا محمد ابراهيم _eمشرف |
|
| 710 | 2 |
_aدار نهضة مصر للنشر _eمترجم |
|
| 942 |
_2ddc _cBK |
||
| 999 |
_c60449 _d60449 |
||